000 00227nam a2200097Ia 4500
005 20251222114410.0
008 251222s1900||||xx |||||||||||||| ||spa||
082 _aDVD0092/G26/2010
245 0 _aSan José de Calasanz:
942 _cDVD
999 _c2014
_d2014